000 00462nam a2200169Ia 4500
999 _c858
_d858
003 OSt
005 20210916133937.0
008 190216s9999||||xx |||||||||||||| ||und||
040 _coclc
082 _a892.7
_bKAL/N
100 _aKalakish, Mohammed
_98859
245 0 _aNajib Mahafoos /
_cMohammed Kalakish
260 _bDarul Fikr,
_c2008,
_aLabanan:
300 _a232p
650 _aArabic
942 _cBK
_2ddc
_h892.7
_iKAL/N
_k892.7
_mKAL/N